Types of Woods - Statistics

General Stats
  • This quiz has been taken 26 times
  • The average score is 4 of 15
Answer Stats
Answer % Correct
Oak
95%
Pine
65%
Maple
50%
Cherry
45%
Cedar
30%
Fir
25%
Beech
15%
Accoya
5%
Balau
5%
Black Walnut
5%
Larch
5%
Tulipwood
5%
Utile
5%
Ayan
0%
Iroko
0%
No matching quizzes found
Score Distribution
Percent of People with Each Score
Percentile by Number Answered
Your Score History
You have not taken this quiz